| 000 | 00347nam a22001577a 4500 | ||
|---|---|---|---|
| 003 | MACL | ||
| 005 | 20151118123924.0 | ||
| 008 | 151118b xxu||||| |||| 00| 0 eng d | ||
| 040 | _cMACL | ||
| 041 | _aEnglish | ||
| 082 | _a320 | ||
| 100 |
_aGhosh's, Amitav _917394 |
||
| 245 | _aThe Shadow Lines | ||
| 650 |
_aPolitics _917396 |
||
| 942 |
_2ddc _cBK |
||
| 999 |
_c50636 _d50636 |
||